Poesía lírica

Salvato in:
Dettagli Bibliografici
Autore principale: Espronceda, J. de
Natura: Libro
Lingua:Undetermined
Pubblicazione: Zaragoza, España Biblioteca Clásica Ebro 1951
Edizione:3
Soggetti:
Tags: Aggiungi Tag
Nessun Tag, puoi essere il primo ad aggiungerne!!

MARC

LEADER 00000nam a2200000Ia 4500
008 170316s9999 xx 000 0 und d
040 |a cru BVZT 
090 |a 862 E-12p 
100 |a Espronceda, J. de 
245 |a Poesía lírica 
250 |a 3 
260 |a Zaragoza, España 
260 |b Biblioteca Clásica Ebro 
260 |c 1951 
300 |a 128 páginas 
650 |a LITERATURA ESPAÑOLA 
650 |a POESÍA 
999 |c 9811  |d 9811 
942 |c 15 D  |h 862 E-12p  |2 z